| 000 | 00714 a2200169 4500 | ||
|---|---|---|---|
| 003 | Nust | ||
| 005 | 20230120110620.0 | ||
| 040 | _cNust | ||
| 082 | _a808.83,BEN | ||
| 100 |
_aBennett,Arnold _9107222 |
||
| 245 |
_aAnna of the Five Towns / _cArnold Bennett |
||
| 260 | _aLondom | ||
| 300 | _a254:P | ||
| 505 | _aThe Kingling of Love (Page-9), The Miser’s Daughter (Page-25), The Birthday (Page-36), A Visit (Page-53), The Revival (Page-63), Willie (Page-74), The Sewing Meeting (Page-93), On the Bank (Page-114), The Treat (Page-134), The isle (Page-153), The Downfall (Page-188), A the priory (Page-220), The Bazar (Page-241), End of Simple Soul (Page-253). | ||
| 650 |
_aNovel _92525 |
||
| 942 |
_2ddc _cBK |
||
| 999 |
_c186919 _d186919 |
||